Il ragazzo

Wedi'i Gadw mewn:
Manylion Llyfryddiaeth
Prif Awdur: Greer Germaine
Fformat: Llyfr
Iaith:anh
Cyhoeddwyd: Genova L'ippocampo 2004
Tagiau: Ychwanegu Tag
Dim Tagiau, Byddwch y cyntaf i dagio'r cofnod hwn!

MARC

LEADER 00000nam a2200000Ia 4500
001 328
003 NUMERAZIONE-ORIGINALE-BRESCIA
005 20260206230752.0
008 260206s9999 xx 000 0 und d
100 |a Greer Germaine 
245 0 |a Il ragazzo 
260 |a Genova 
260 |b L'ippocampo 
260 |c 2004 
942 |2 ddc  |c BK  |n 0 
952 |0 0  |1 0  |2 ddc  |4 0  |6 16  |7 0  |9 28526  |a BS  |b BS  |d 2026-02-06  |i 328  |l 0  |o 1-6-*  |r 2026-02-06 22:40:36  |w 2026-02-06  |x [REVISIONARE]  |y BK 
999 |c 24197  |d 24197